| 000 | 00493nam a22001697a 4500 | ||
|---|---|---|---|
| 005 | 20250407121833.0 | ||
| 008 | 250407b |||||||| |||| 00| 0 eng d | ||
| 020 | _a9780262547161 | ||
| 041 | _aeng | ||
| 082 | _a332.178 WER | ||
| 100 | _aWerbach, Kevin | ||
| 245 | _aThe Blockchain and the New Architecture of Trust | ||
| 260 |
_aCambridge _bMIT Press _c2018 |
||
| 300 | _a322;. pages: 22 cm | ||
| 650 | _a Electronic Funds Transfers; Blockchains (Databases) Bitcoin; Trust | ||
| 942 | _cBK | ||
| 999 |
_c43601 _d43601 |
||